000 00676nam a2200229Ia 4500
005 20250508162704.0
008 008 250505s9999 xx 000 0 eng d
020 _a81-7036-102-8
037 _aTextual
040 _aFEDL
_beng
_cFEDL
041 _aeng
_2eng
084 _a305.420954, GHA
_qFEDL
100 _aGhadially Rehana Ed.
_9773820
245 0 _aWomen in Indian society : A reader
260 _aNew Delhi, India
_bSage Publications
_c1988
300 _a310p.
365 _aINR
_b18
546 _a082955 is MACESE book
650 _aSocial Structure; Women studies
_9773821
942 _cTEXL
_h305.420954, GHA
999 _c1378073
_d1378073